[Event "ITA-ch sf 73rd"]
[Site "Civitanova Marche"]
[Date "2013.07.25"]
[Round "6"]
[White "Rambaldi, Francesco"]
[Black "Bianco, Valerio"]
[Result "1-0"]
[WhiteElo "2347"]
[BlackElo "2141"]
[PlyCount "159"]
[EventDate "2013.07.20"]
[EventType "swiss"]
[EventRounds "9"]
[EventCountry "ITA"]
[SourceTitle "EXT 2015"]
[Source "ChessBase"]
[SourceDate "2014.11.20"]
[SourceVersion "1"]
[SourceVersionDate "2014.11.20"]
[SourceQuality "1"]

1. e4 c5 2. Nf3 d6 3. Bb5+ Bd7 4. Bxd7+ Qxd7 5. 0-0 Nc6 6. Qe2 Nf6 7. Rd1 g6 8. c3 Qg4 9. d3 Ne5 10. Nbd2 Nh5 11. h3 Nf4 12. hxg4 Nxe2+ 13. Kf1 Nxc1 14. Nxe5 dxe5 15. Rdxc1 Bh6 16. Ke2 0-0 17. Rcb1 Bxd2 18. Kxd2 Rfd8 19. Kc2 a5 20. Rh1 f6 21. Rh6 e6 22. a4 Ra6 23. b3 Rd7 24. g3 Rad6 25. Rd1 Kg7 26. Rdh1 Kg8 27. Rd1 Kg7 28. Rh4 Kg8 29. Rd2 g5 30. Rh5 Rf7 31. Rd1 Rdd7 32. Rh6 Kg7 33. Rdh1 Kf8 34. Kd2 Kg8 35. Rf1 Kg7 36. Rh5 Rd6 37. Kc2 Rfd7 38. Rd1 Kg8 39. Rh6 Rf7 40. Rdh1 Rdd7 41. Rf1 Kg7 42. Rh5 b6 43. f4 exf4 44. gxf4 gxf4 45. Rxf4 Kf8 46. Kd2 Ke7 47. e5 f5 48. gxf5 exf5 49. Rfxf5 Rxf5 50. Rxf5 Ke6 51. Rh5 Rg7 52. c4 Rg6 53. Ke3 Rg3+ 54. Ke4 Rg4+ 55. Ke3 Rg3+ 56. Kf4 Rxd3 57. Rh6+ Ke7 58. Rxb6 h5 59. Kf5 h4 60. Rb7+ Ke8 61. Ke6 Kf8 62. Rf7+ Kg8 63. Rf4 h3 64. Ke7 Rxb3 65. e6 Rb7+ 66. Kf6 Rb3 67. Rg4+ Kh7 68. Rh4+ Kg8 69. Rg4+ Kh7 70. e7 Rf3+ 71. Ke6 Re3+ 72. Kf7 Rf3+ 73. Ke6 Re3+ 74. Kd6 h2 75. Rh4+ Kg6 76. Rxh2 Rd3+ 77. Kxc5 Kf7 78. Re2 Ke8 79. Kb5 Rd7 80. c5 1-0

[Event "Ortisei Server24 op 2nd"]
[Site "Ortisei"]
[Date "2013.06.03"]
[Round "3"]
[White "Saravanan, Venkat"]
[Black "Bianco, Valerio"]
[Result "1-0"]
[WhiteElo "2371"]
[BlackElo "2145"]
[PlyCount "59"]
[EventDate "2013.06.01"]
[EventType "swiss"]
[EventRounds "9"]
[EventCountry "ITA"]
[SourceTitle "CBM 154 Extra"]
[Source "ChessBase"]
[SourceDate "2013.06.25"]
[SourceVersion "2"]
[SourceVersionDate "2013.06.25"]
[SourceQuality "1"]

1. d4 d5 2. c4 c6 3. Nf3 Nf6 4. e3 e6 5. b3 b6 6. Bd3 Bb7 7. 0-0 Nbd7 8. Nbd2 Bd6 9. Bb2 0-0 10. Ne5 c5 11. f4 Rc8 12. cxd5 Nxd5 13. Ndc4 Be7 14. Nxd7 Qxd7 15. f5 Bg5 16. Qh5 h6 17. fxe6 fxe6 18. Qg6 Nf6 19. h4 Bxh4 20. Ne5 Qd5 21. Rxf6 Rxf6 22. Qh7+ Kf8 23. e4 Bf2+ 24. Kh1 Qd8 25. Qh8+ Ke7 26. Qxg7+ Kd6 27. Nc4+ Kc6 28. d5+ exd5 29. Bxf6 Qe8 30. Qxb7+ 1-0